000 01771nim a22003731 4500
005 20060712143733.0
008 790912q19701979cau n | 00| f eng
010 _aB-357664
020 _a0099908603
_c£3.50 295.00
020 _a9780099908609
_c£3.50 295.00
035 _aB-357664
037 _bSuper
040 _aDPL
_bEnglish
082 _aN
100 _aHemingway, Ernest
245 _aFor whom the bell tolls/
_cby Ernest Hemingway
260 _aLondon
_bArrow Books
_c2004
270 _a20 Vauxhall Bridge Road
_bLondon
_eSW1V 2SA
300 _a490p.
_c20 cm (pbk)
500 _aOriginally broadcast as a Lux radio theater presentation.
511 _aRadio version based on the motion picture For whom the bell tolls (from the book of the same title by Ernest Hemingway); starring Gary Cooper and Ingrid Bergman.
533 _aPreservation master
_bWashington, D.C.
_cLibrary of Congress Magnetic Recording Laboratory.
_d1978.
_eOn 1 sound tape reel : analog, 7 1/2 ips, 2 track, mono. ; 10 in.
590 _a262 conversion.
590 _a305 conversion.
650 _aRadio plays.
651 _aSpain
_xHistory
_yCivil War, 1936-1939
_xDrama.
700 _aCooper, Gary,
_d1901-1961.
_4prf
700 _aBergman, Ingrid,
_d1915-1982. .
_4prf
700 _aHemingway, Ernest,
_d1899-1961.
_tFor whom the bell tolls.
710 _aLux Radio Theater.
942 _2ddc
_cEN
_hN
_mHEM
999 _c15818
_d15818